[Event "Bay Area op"]
[Site "Santa Clara"]
[Date "2014.01.03"]
[Round "3"]
[White "Evans, Bela"]
[Black "Byambaa, Uyanga"]
[Result "0-1"]
[WhiteElo "2243"]
[BlackElo "2028"]
[PlyCount "110"]
[EventDate "2014.01.02"]
[EventType "swiss"]
[EventRounds "9"]
[EventCountry "USA"]
[SourceTitle "CBM 158 Extra"]
[Source "ChessBase"]
[SourceDate "2014.02.28"]
[SourceVersion "1"]
[SourceVersionDate "2014.02.28"]
[SourceQuality "1"]

1. d4 Nf6 2. Nf3 g6 3. Nbd2 Bg7 4. e4 d6 5. c3 0-0 6. Bd3 c5 7. 0-0 cxd4 8. cxd4 Nc6 9. Re1 a6 10. d5 Nb4 11. Bb1 a5 12. a3 Na6 13. Nb3 a4 14. Nbd4 Nc5 15. h3 Qb6 16. Bc2 Bd7 17. Rb1 Rfc8 18. Bd2 Qd8 19. Bb4 Na6 20. Bc3 Nc5 21. Bd3 Qb6 22. Bb4 Nh5 23. Bc3 Nf4 24. Bf1 Nb3 25. Nxb3 axb3 26. Bxg7 Kxg7 27. Qd4+ Qxd4 28. Nxd4 e6 29. g3 e5 30. gxf4 exd4 31. Red1 Ra4 32. Rbc1 Rc2 33. Rxc2 bxc2 34. Rc1 Bxh3 35. Bd3 Bg4 36. Rxc2 Bf3 37. Rc7 Ra8 38. Rc4 f5 39. Rxd4 Re8 40. exf5 Re1+ 41. Kh2 Rd1 42. fxg6 hxg6 43. a4 Kh6 44. f5 gxf5 45. Kg3 Be4 46. Rxe4 fxe4 47. Bxe4 Rd4 48. Kf4 Rxa4 49. Kf5 Kg7 50. b3 Rb4 51. Bc2 Kf7 52. Bd1 Rd4 53. Bh5+ Ke7 54. f4 Rxd5+ 55. Kg6 Rd3 0-1

[Event "Northern California op"]
[Site "Fremont"]
[Date "2012.01.08"]
[Round "9"]
[White "Viswanadha, Kesav"]
[Black "Evans, Bela"]
[Result "0-1"]
[WhiteElo "1987"]
[BlackElo "2262"]
[PlyCount "58"]
[EventDate "2012.01.02"]
[EventType "swiss"]
[EventRounds "9"]
[EventCountry "USA"]
[SourceTitle "CBM 146 Extra"]
[Source "ChessBase"]
[SourceDate "2012.02.29"]
[SourceVersion "1"]
[SourceVersionDate "2012.02.29"]
[SourceQuality "1"]

1. e4 e6 2. d4 d5 3. Nc3 Be7 4. Nf3 Nf6 5. Bd3 c5 6. exd5 exd5 7. dxc5 0-0 8. 0-0 Nbd7 9. Bg5 Nxc5 10. h3 h6 11. Bh4 g5 12. Bg3 Nfe4 13. Bxe4 dxe4 14. Ne5 Qxd1 15. Raxd1 Bf5 16. Nd5 Bd8 17. Ng4 Be6 18. Bd6 f5 19. Nxh6+ Kg7 20. Bxf8+ Kxf8 21. Ne3 f4 22. Nd5 Rc8 23. Nc3 Bf6 24. Nb5 Bxb2 25. Nd6 Rc6 26. Ndf5 Ke8 27. Ng7+ Bxg7 28. Ng4 Bc4 29. Rfe1 Bc3 0-1

[Event "Northern California op"]
[Site "Fremont"]
[Date "2012.01.05"]
[Round "6"]
[White "Young, Angelo"]
[Black "Evans, Bela"]
[Result "1/2-1/2"]
[WhiteElo "2325"]
[BlackElo "2262"]
[PlyCount "144"]
[EventDate "2012.01.02"]
[EventType "swiss"]
[EventRounds "9"]
[EventCountry "USA"]
[SourceTitle "CBM 146 Extra"]
[Source "ChessBase"]
[SourceDate "2012.02.29"]
[SourceVersion "1"]
[SourceVersionDate "2012.02.29"]
[SourceQuality "1"]

1. d4 f5 2. g3 Nf6 3. Bg2 g6 4. Nh3 Bg7 5. c3 Nc6 6. d5 Ne5 7. Nf4 c6 8. Na3 Qb6 9. 0-0 0-0 10. c4 c5 11. Qc2 d6 12. Rb1 a6 13. Bd2 Qc7 14. Rbe1 Rb8 15. Nd3 Bd7 16. Nxe5 dxe5 17. b4 b6 18. Rb1 e6 19. Rfc1 f4 20. bxc5 bxc5 21. Rxb8 Rxb8 22. Rb1 Kf7 23. Rxb8 Qxb8 24. Qb3 Qxb3 25. dxe6+ Bxe6 26. axb3 fxg3 27. hxg3 Bc8 28. Nb1 Bf5 29. Na3 Be4 30. Be3 Bxg2 31. Kxg2 Bf8 32. Nb1 Ke6 33. Nc3 h6 34. Na4 Nd7 35. Kf3 h5 36. Nc3 Nf6 37. Bg5 Ng4 38. Nd5 Bd6 39. e4 Kd7 40. Kg2 Bf8 41. f3 Nh6 42. Kh3 Nf7 43. Kh4 Kd6 44. g4 hxg4 45. Kxg4 Nh6+ 46. Kh4 Nf7 47. Be3 Kc6 48. Kg4 Kd6 49. f4 Bh6 50. f5 Bxe3 51. Nxe3 gxf5+ 52. Kxf5 Nd8 53. Kf6 Nc6 54. Nf5+ Kd7 55. Nh6 Nd4 56. Nf7 Nxb3 57. Nxe5+ Ke8 58. Nd3 a5 59. Nb2 Nd2 60. e5 Ne4+ 61. Ke6 Nc3 62. Nd3 Nd1 63. Nxc5 Ne3 64. Kf6 Nxc4 65. e6 Ne3 66. Ne4 Ng4+ 67. Kf5 Ke7 68. Nc5 Ne3+ 69. Ke4 Ng4 70. Kf4 Nf6 71. Ke5 Ne8 72. Kd5 Nc7+ 1/2-1/2

[Event "Northern California op"]
[Site "Fremont"]
[Date "2012.01.04"]
[Round "4"]
[White "Manvelyan, Hayk"]
[Black "Evans, Bela"]
[Result "0-1"]
[WhiteElo "2202"]
[BlackElo "2262"]
[PlyCount "110"]
[EventDate "2012.01.02"]
[EventType "swiss"]
[EventRounds "9"]
[EventCountry "USA"]
[SourceTitle "CBM 146 Extra"]
[Source "ChessBase"]
[SourceDate "2012.02.29"]
[SourceVersion "1"]
[SourceVersionDate "2012.02.29"]
[SourceQuality "1"]

1. f4 d5 2. Nf3 g6 3. c3 Bg7 4. d3 c6 5. Qc2 Bg4 6. Nbd2 Qc7 7. h3 Bxf3 8. Nxf3 Nd7 9. Bd2 Ngf6 10. g4 e5 11. fxe5 Nxe5 12. 0-0-0 Nxf3 13. exf3 0-0-0 14. f4 Bf8 15. Bg2 Bd6 16. Rhf1 h6 17. c4 Rhe8 18. c5 Bf8 19. Rde1 Rxe1+ 20. Rxe1 Re8 21. Rxe8+ Nxe8 22. d4 Qe7 23. Qd3 Bg7 24. Qe3 Kd7 25. Qxe7+ Kxe7 26. Be3 Nc7 27. Kd2 Ne6 28. Kd3 Bxd4 29. b4 Bxe3 30. Kxe3 g5 31. f5 d4+ 32. Ke4 Nf4 33. Bf1 d3 34. Bxd3 Nxh3 35. Ke5 f6+ 36. Kd4 Nf4 37. Be4 h5 38. gxh5 Nxh5 39. a4 Ng3 40. Bd3 Kd7 41. Ke3 Kc7 42. Kd4 b6 43. a5 b5 44. Ke3 Kd7 45. Kf3 Nh5 46. Be4 Ng7 47. Kg4 Ne8 48. Kh5 Nc7 49. Kg6 Nd5 50. Bxd5 cxd5 51. Kxf6 g4 52. c6+ Kd6 53. c7 Kxc7 54. Ke6 Kd8 55. f6 Ke8 0-1

[Event "Northern California op"]
[Site "Fremont"]
[Date "2012.01.02"]
[Round "1"]
[White "Evans, Bela"]
[Black "Margvelashvili, Giorgi"]
[Result "0-1"]
[WhiteElo "2262"]
[BlackElo "2531"]
[PlyCount "70"]
[EventDate "2012.01.02"]
[EventType "swiss"]
[EventRounds "9"]
[EventCountry "USA"]
[SourceTitle "CBM 146 Extra"]
[Source "ChessBase"]
[SourceDate "2012.02.29"]
[SourceVersion "1"]
[SourceVersionDate "2012.02.29"]
[SourceQuality "1"]

1. f4 d5 2. Nf3 Bg4 3. e3 e6 4. Be2 c5 5. 0-0 Nc6 6. d3 Nge7 7. c3 g6 8. h3 Bxf3 9. Bxf3 Bg7 10. Na3 0-0 11. e4 Rb8 12. e5 f6 13. exf6 Rxf6 14. g4 Qd7 15. Nc2 Rbf8 16. d4 cxd4 17. cxd4 R6f7 18. Be3 Qc7 19. Kg2 Bh6 20. g5 Bg7 21. Bg4 Nf5 22. Qd2 Na5 23. Bxf5 Nc4 24. Qc3 Rxf5 25. Rac1 Qb6 26. b3 Nd6 27. Qc5 Qa6 28. Rfe1 Ne4 29. Qa3 Qb6 30. Qb4 Qc7 31. h4 Rxf4 32. Bxf4 Rxf4 33. Rf1 Rf2+ 34. Rxf2 Qg3+ 35. Kh1 Nxf2# 0-1

[Event "Berkeley op"]
[Site "Berkeley"]
[Date "2011.01.05"]
[Round "8"]
[White "Evans, Bela"]
[Black "Amanov, Zhanibek"]
[Result "1/2-1/2"]
[WhiteElo "2262"]
[BlackElo "2421"]
[PlyCount "124"]
[EventDate "2011.01.02"]
[EventType "swiss"]
[EventRounds "10"]
[EventCountry "USA"]
[SourceTitle "CBM 140 Extra"]
[Source "ChessBase"]
[SourceDate "2011.03.01"]
[SourceVersion "1"]
[SourceVersionDate "2011.03.01"]
[SourceQuality "1"]

1. e4 Nf6 2. e5 Nd5 3. d4 d6 4. c4 Nb6 5. exd6 cxd6 6. Nc3 g6 7. Bd3 Bg7 8. Nge2 0-0 9. 0-0 Nc6 10. d5 Ne5 11. b3 a5 12. Be3 a4 13. Bc2 axb3 14. axb3 Rxa1 15. Qxa1 Ng4 16. Bd2 Nd7 17. h3 Nh6 18. Qc1 Nf5 19. Bxf5 gxf5 20. Bh6 Ne5 21. Rd1 Bxh6 22. Qxh6 Kh8 23. Qe3 Qa5 24. Qd4 f6 25. f4 Ng6 26. Qe3 Bd7 27. h4 h5 28. Nd4 Ra8 29. Nc2 Qc7 30. Rd2 Kg7 31. g3 Kf7 32. Kf2 Ra6 33. Nd4 Qb6 34. Qd3 Ra1 35. Kg2 Qc5 36. Nd1 Qa5 37. Ne3 Rc1 38. Ne2 Ra1 39. Nc3 Rc1 40. Rc2 Ra1 41. Rb2 Qa7 42. Qd2 Qb6 43. Ned1 Ra8 44. Kh2 Ra3 45. b4 Kg7 46. Ne3 Ra1 47. Ra2 Rxa2 48. Nxa2 Nh8 49. b5 Nf7 50. Nc1 Nh6 51. Kg2 Ng4 52. Nxg4 fxg4 53. Qe2 Kf8 54. Qe4 Qa5 55. Kf2 Qd2+ 56. Ne2 f5 57. Qd4 Qxd4+ 58. Nxd4 Ke8 59. Ke3 b6 60. Kd3 Kd8 61. Kc3 Ke8 62. Kb4 Bc8 1/2-1/2

[Event "Berkeley op"]
[Site "Berkeley"]
[Date "2011.01.05"]
[Round "7"]
[White "Evans, Bela"]
[Black "Gaffagan, Steven"]
[Result "1-0"]
[WhiteElo "2262"]
[BlackElo "1995"]
[PlyCount "173"]
[EventDate "2011.01.02"]
[EventType "swiss"]
[EventRounds "10"]
[EventCountry "USA"]
[SourceTitle "CBM 140 Extra"]
[Source "ChessBase"]
[SourceDate "2011.03.01"]
[SourceVersion "1"]
[SourceVersionDate "2011.03.01"]
[SourceQuality "1"]

1. e4 d5 2. exd5 Qxd5 3. Nf3 Bg4 4. Be2 Nc6 5. 0-0 e5 6. Nc3 Qd7 7. h3 Bf5 8. Bb5 Bd6 9. d4 exd4 10. Re1+ Nge7 11. Bxc6 bxc6 12. Nxd4 Bg6 13. Bg5 0-0 14. Ne4 f6 15. Nxd6 cxd6 16. Bf4 Nd5 17. Bg3 Rfe8 18. Qd2 Nb6 19. b3 c5 20. Ne2 d5 21. Nf4 Bf7 22. a4 d4 23. Nd3 Qc6 24. Rxe8+ Rxe8 25. a5 Nd5 26. Re1 Rc8 27. Nb2 Nc3 28. Re7 a6 29. Qe1 Nd5 30. Re2 Nc3 31. Re7 Nd5 32. Ra7 Re8 33. Qd2 Nc3 34. Qd3 Nb5 35. Rxf7 Kxf7 36. Qxh7 Nc3 37. Qh5+ Kg8 38. Kh2 Ne4 39. Nd3 Nxg3 40. Kxg3 Qc7+ 41. f4 Rc8 42. Qd5+ Kf8 43. Qc4 Qc6 44. Kf2 Qb5 45. Qe6 Qc6 46. Qc4 g6 47. h4 Kg7 48. Kg3 Rc7 49. Kf2 Qb5 50. f5 Qe8 51. Qxa6 Qe3+ 52. Kf1 Re7 53. fxg6 Qe2+ 54. Kg1 Qxc2 55. Qd6 Qe2 56. Qxc5 Qe3+ 57. Kh2 Re4 58. Qh5 Qh6 59. Qxh6+ Kxh6 60. a6 Re6 61. Nc5 d3 62. Nxe6 d2 63. a7 d1Q 64. a8Q Qd6+ 65. g3 Qxe6 66. Qf3 Kxg6 67. g4 Qd6+ 68. Kh3 Qb8 69. h5+ Kg7 70. Qd3 Qf4 71. b4 Qxb4 72. Qg6+ Kh8 73. Qxf6+ Kg8 74. Qg5+ Kh8 75. Qf6+ Kh7 76. Qf5+ Kh8 77. g5 Qc3+ 78. Kg4 Qd4+ 79. Qf4 Qg1+ 80. Kf5 Qb1+ 81. Qe4 Qf1+ 82. Ke5 Qb5+ 83. Kf6 Qf1+ 84. Qf5 Qa6+ 85. Qe6 Qa1+ 86. Qe5 Qa7 87. Kg6+ 1-0

[Event "Berkeley op"]
[Site "Berkeley"]
[Date "2011.01.04"]
[Round "5"]
[White "Gurevich, Daniel"]
[Black "Evans, Bela"]
[Result "0-1"]
[WhiteElo "2078"]
[BlackElo "2262"]
[PlyCount "54"]
[EventDate "2011.01.02"]
[EventType "swiss"]
[EventRounds "10"]
[EventCountry "USA"]
[SourceTitle "CBM 140 Extra"]
[Source "ChessBase"]
[SourceDate "2011.03.01"]
[SourceVersion "1"]
[SourceVersionDate "2011.03.01"]
[SourceQuality "1"]

1. e4 e6 2. d4 d5 3. exd5 exd5 4. Bd3 c5 5. dxc5 Bxc5 6. Nc3 Nf6 7. Qe2+ Be6 8. Bg5 0-0 9. 0-0-0 h6 10. Bh4 Nc6 11. Nf3 Re8 12. Rhe1 Bb4 13. Bb5 g5 14. Nxg5 Bxc3 15. bxc3 Bg4 16. Qd2 Bxd1 17. Kxd1 Qa5 18. Bxc6 bxc6 19. Re3 Qb6 20. Nf3 Rxe3 21. fxe3 Ne4 22. Qd3 Qb1+ 23. Ke2 Qh1 24. Ne1 Qxh2 25. Bf2 Re8 26. c4 Nxf2 27. Kxf2 Qh4+ 0-1

[Event "Berkeley op"]
[Site "Berkeley"]
[Date "2011.01.03"]
[Round "3"]
[White "Evans, Bela"]
[Black "Yanayt, Eugene"]
[Result "0-1"]
[WhiteElo "2262"]
[BlackElo "2218"]
[PlyCount "68"]
[EventDate "2011.01.02"]
[EventType "swiss"]
[EventRounds "10"]
[EventCountry "USA"]
[SourceTitle "CBM 140 Extra"]
[Source "ChessBase"]
[SourceDate "2011.03.01"]
[SourceVersion "1"]
[SourceVersionDate "2011.03.01"]
[SourceQuality "1"]

1. e4 c5 2. g3 Nc6 3. Bg2 g6 4. c3 Bg7 5. Ne2 e5 6. d3 Nge7 7. Be3 d6 8. f4 0-0 9. 0-0 Rb8 10. Nd2 f5 11. Nf3 b6 12. Qb3+ Kh8 13. Rad1 Qe8 14. a3 Na5 15. Qc2 c4 16. Nh4 cxd3 17. Qxd3 fxe4 18. Bxe4 d5 19. Bh1 Nc4 20. Bc1 Bh3 21. Rfe1 g5 22. Bg2 Bxg2 23. Nxg2 gxf4 24. gxf4 Rd8 25. b3 Na5 26. fxe5 Nxb3 27. Bf4 Nc5 28. Qh3 Ng6 29. Bg5 Rd7 30. Bf6 Nxe5 31. Bxe5 Bxe5 32. Nef4 Rg7 33. Rxd5 Bd4+ 34. Kh1 Qxe1+ 0-1

[Event "Berkeley Masters op"]
[Site "Berkeley"]
[Date "2008.12.20"]
[Round "7"]
[White "Evans, Bela"]
[Black "Kustar, Sandor"]
[Result "0-1"]
[WhiteElo "2258"]
[BlackElo "2356"]
[PlyCount "66"]
[EventDate "2008.12.14"]
[EventType "swiss"]
[EventRounds "10"]
[EventCountry "USA"]
[SourceTitle "CBM 127 Extra"]
[Source "ChessBase"]
[SourceDate "2009.01.08"]
[SourceVersion "2"]
[SourceVersionDate "2009.01.28"]
[SourceQuality "1"]

1. g3 c5 2. Bg2 Nc6 3. e4 g6 4. d3 Bg7 5. f4 e5 6. Nf3 exf4 7. gxf4 Nge7 8. 0-0 d5 9. c3 0-0 10. Na3 b6 11. Be3 d4 12. cxd4 Nxd4 13. Nxd4 Bxd4 14. Qe2 Ba6 15. Rad1 Qd7 16. Nc2 Bg7 17. b4 Rad8 18. bxc5 Bxd3 19. c6 Nxc6 20. Qf3 Qc7 21. Rf2 Bxe4 22. Qg4 Bxg2 23. Kxg2 Ne7 24. Rfd2 Nf5 25. Bf2 h5 26. Qf3 Rxd2 27. Rxd2 Rd8 28. Re2 Qc4 29. Ne3 Nxe3+ 30. Qxe3 Bf6 31. h3 Rd3 32. Qe8+ Kg7 33. Be3 Rd8 0-1

[Event "Berkeley Masters op"]
[Site "Berkeley"]
[Date "2008.12.17"]
[Round "4"]
[White "Evans, Bela"]
[Black "Friedel, Joshua E"]
[Result "0-1"]
[WhiteElo "2258"]
[BlackElo "2498"]
[PlyCount "60"]
[EventDate "2008.12.14"]
[EventType "swiss"]
[EventRounds "10"]
[EventCountry "USA"]
[SourceTitle "CBM 127 Extra"]
[Source "ChessBase"]
[SourceDate "2009.01.08"]
[SourceVersion "2"]
[SourceVersionDate "2009.01.28"]
[SourceQuality "1"]

1. c4 e5 2. g3 Nf6 3. Bg2 c6 4. d4 exd4 5. Qxd4 d5 6. Nf3 Be6 7. cxd5 cxd5 8. 0-0 Nc6 9. Qa4 Bc5 10. Nc3 0-0 11. Qb5 Bb6 12. Na4 Nd4 13. Nxd4 Bxd4 14. Rd1 a6 15. Qb4 Ba7 16. Bf4 b5 17. Nc5 Ng4 18. h3 Qe7 19. Rac1 Rac8 20. hxg4 Bxc5 21. Qe1 d4 22. a3 Bxg4 23. b4 Bb6 24. Bf1 g5 25. Rxc8 Rxc8 26. Bc1 Qe5 27. Rd3 Bf5 28. Rd2 d3 29. e3 Qa1 30. Rd1 Bg4 0-1

[Event "San Francisco Alan Benson"]
[Site "San Francisco"]
[Date "2008.08.17"]
[Round "7"]
[White "Evans, Bela"]
[Black "Naroditsky, Daniel"]
[Result "1/2-1/2"]
[WhiteElo "2279"]
[BlackElo "2313"]
[PlyCount "32"]
[EventDate "2008.08.11"]
[EventType "tourn"]
[EventRounds "9"]
[EventCountry "USA"]
[EventCategory "3"]
[SourceTitle "CBM 126 Extra"]
[Source "ChessBase"]
[SourceDate "2008.11.05"]
[SourceVersion "1"]
[SourceVersionDate "2008.11.05"]
[SourceQuality "1"]

1. d4 Nf6 2. Nf3 g6 3. Bg5 Bg7 4. Nbd2 0-0 5. e3 d6 6. Be2 Qe8 7. 0-0 e5 8. c3 Nc6 9. b4 Bd7 10. a4 Nd8 11. Bh4 exd4 12. cxd4 b5 13. Bxf6 Bxf6 14. axb5 Bxb5 15. Bxb5 Qxb5 16. Qa4 Qb7 1/2-1/2

[Event "Western States op"]
[Site "Reno"]
[Date "2004.10.17"]
[Round "5"]
[White "Evans, Bela"]
[Black "De Guzman, Ricardo"]
[Result "1-0"]
[WhiteElo "2303"]
[BlackElo "2483"]
[PlyCount "103"]
[EventDate "2004.10.15"]
[EventType "swiss"]
[EventRounds "6"]
[EventCountry "USA"]
[SourceTitle "EXT 2009"]
[Source "ChessBase"]
[SourceDate "2008.11.26"]
[SourceVersion "1"]
[SourceVersionDate "2008.11.26"]
[SourceQuality "1"]

1. d4 d6 2. Nf3 g6 3. e4 Bg7 4. c3 Nf6 5. Bd3 0-0 6. 0-0 c5 7. h3 Nc6 8. Nbd2 a6 9. Re1 b5 10. Nf1 cxd4 11. cxd4 Bb7 12. Ng3 Rc8 13. Be3 Nb4 14. Bb1 d5 15. e5 Ne4 16. Ne2 Qc7 17. Nh2 f6 18. f3 Ng5 19. Qd2 Nc6 20. Bxg5 fxg5 21. Qxg5 Qa5 22. Rd1 Qb4 23. Qd2 Qxd2 24. Rxd2 Bh6 25. Rd1 Be3+ 26. Kf1 Kg7 27. Ke1 Na5 28. b3 Nc6 29. g3 h5 30. f4 g5 31. f5 g4 32. hxg4 Rh8 33. g5 Bxg5 34. Nf3 Bh6 35. Nh4 Bg5 36. Nf4 Bxf4 37. gxf4 Kh6 38. f6 e6 39. f5 exf5 40. Nxf5+ Kg5 41. Kd2 h4 42. Rg1+ Kf4 43. Bd3 Nxd4 44. Nxd4 Kxe5 45. Nf3+ Kd6 46. Rg7 Bc6 47. Ng5 Rhg8 48. Rxg8 Rxg8 49. f7 Rf8 50. Bg6 d4 51. Rd1 h3 52. Nxh3 1-0

[Event "San Francisco Mark Pinto IM"]
[Site "San Francisco"]
[Date "2004.07.24"]
[Round "4"]
[White "Pruess, David"]
[Black "Evans, Bela"]
[Result "1-0"]
[WhiteElo "2371"]
[BlackElo "2262"]
[PlyCount "91"]
[EventDate "2004.07.21"]
[EventType "tourn"]
[EventRounds "11"]
[EventCountry "USA"]
[EventCategory "3"]
[SourceTitle "CBM 101 Extra"]
[Source "ChessBase"]
[SourceDate "2004.09.01"]
[SourceVersion "2"]
[SourceVersionDate "2004.09.01"]
[SourceQuality "1"]

1. e4 e6 2. d4 d5 3. Nc3 Nf6 4. Bg5 Bb4 5. e5 h6 6. Bc1 Ne4 7. Qg4 g6 8. Nge2 c5 9. a3 Ba5 10. dxc5 Nc6 11. b4 Nxe5 12. Qh3 Bc7 13. Nxe4 dxe4 14. Nc3 f5 15. Nb5 Bb8 16. Bb2 Rh7 17. Rd1 Bd7 18. Be2 Nf7 19. 0-0 a6 20. Nd6+ Bxd6 21. cxd6 b5 22. c4 Rc8 23. Qb3 Kf8 24. Rfe1 h5 25. a4 bxa4 26. Qa2 Qb6 27. Ba3 Qb7 28. c5 Nd8 29. Qa1 Kf7 30. Qc3 Nc6 31. Bc4 Rf8 32. f3 Ke8 33. fxe4 f4 34. Rb1 f3 35. Rf1 Rhf7 36. Rxf3 Rxf3 37. gxf3 Bc8 38. b5 Na7 39. c6 Nxc6 40. Bd5 exd5 41. Qxc6+ Qd7 42. exd5 Kf7 43. Qxd7+ Bxd7 44. bxa6 Ra8 45. Rb7 Ke8 46. a7 1-0

[Event "San Francisco Mark Pinto IM"]
[Site "San Francisco"]
[Date "2004.07.22"]
[Round "2"]
[White "Sevillano, Enrico"]
[Black "Evans, Bela"]
[Result "1-0"]
[WhiteElo "2464"]
[BlackElo "2262"]
[PlyCount "85"]
[EventDate "2004.07.21"]
[EventType "tourn"]
[EventRounds "11"]
[EventCountry "USA"]
[EventCategory "3"]
[SourceTitle "CBM 101 Extra"]
[Source "ChessBase"]
[SourceDate "2004.09.01"]
[SourceVersion "2"]
[SourceVersionDate "2004.09.01"]
[SourceQuality "1"]

1. e4 e6 2. d4 d5 3. Nc3 Nf6 4. e5 Nfd7 5. Nce2 b6 6. Nf3 Ba6 7. c3 Bxe2 8. Bxe2 Be7 9. 0-0 c5 10. c4 cxd4 11. cxd5 exd5 12. Qxd4 Nc5 13. Bb5+ Kf8 14. Rd1 a6 15. Be2 Ra7 16. Be3 Rd7 17. Rac1 Nc6 18. Qc3 d4 19. Bxd4 Nxd4 20. Rxd4 a5 21. Rcd1 Rxd4 22. Rxd4 Qb8 23. Bc4 g5 24. Rd1 Rg8 25. Nd4 Qb7 26. Qh3 Qe4 27. Qh6+ Rg7 28. Nc6 Qg6 29. Qxg6 Rxg6 30. Bd5 g4 31. g3 f5 32. Nd4 Rg5 33. Be6 Na4 34. Bd7 Nc5 35. Bxf5 h5 36. Kg2 Kf7 37. h4 gxh3+ 38. Kxh3 Rg8 39. Nc6 Rg5 40. Bc2 h4 41. gxh4 Rh5 42. Nxe7 Kxe7 43. f4 1-0

[Event "San Francisco Ralston"]
[Site "San Francisco"]
[Date "2003.11.09"]
[Round "11"]
[White "Evans, Bela"]
[Black "Yermolinsky, Alex"]
[Result "0-1"]
[WhiteElo "2262"]
[BlackElo "2546"]
[PlyCount "120"]
[EventDate "2003.10.25"]
[EventType "tourn"]
[EventRounds "11"]
[EventCountry "USA"]
[EventCategory "3"]
[SourceTitle "EXT 2004"]
[Source "ChessBase"]
[SourceDate "2003.11.25"]
[SourceVersion "1"]
[SourceVersionDate "2003.11.25"]
[SourceQuality "1"]

1. d4 g6 2. e4 Bg7 3. Nf3 c5 4. d5 Nf6 5. Nc3 0-0 6. Be2 b5 7. e5 Ng4 8. Nxb5 Nxe5 9. 0-0 d6 10. Nxe5 Bxe5 11. Na3 Bg7 12. Re1 Nd7 13. Nc4 Ba6 14. Ne3 Bxe2 15. Qxe2 Re8 16. Qa6 Nb6 17. Rd1 e6 18. dxe6 Rxe6 19. a4 d5 20. Qb5 d4 21. a5 Nd7 22. Nd5 Rb8 23. Qf1 Ne5 24. Nf4 Rc6 25. Ra4 Qh4 26. Nd3 Re8 27. Nxe5 Bxe5 28. g3 Qh5 29. Re1 Rce6 30. Bd2 Qf3 31. Ra3 Qd5 32. Raa1 c4 33. f4 Bd6 34. Qg2 Qb5 35. Rxe6 Rxe6 36. Re1 Rxe1+ 37. Bxe1 Qxb2 38. Qa8+ Qb8 39. Qxb8+ Bxb8 40. Bf2 d3 41. cxd3 cxd3 42. Kf1 a6 43. Bc5 f5 44. Ke1 Kf7 45. Kd2 Ke6 46. Kxd3 Kd5 47. Bb4 Ba7 48. Be1 Bd4 49. h3 h5 50. Ke2 Kc4 51. g4 hxg4 52. hxg4 fxg4 53. Bf2 Bc3 54. Bb6 Kb5 55. Kf1 Bxa5 56. Bf2 Bc7 57. Be3 a5 58. Kg2 a4 59. Kg3 g5 60. Kxg4 Bxf4 0-1

[Event "San Francisco Ralston"]
[Site "San Francisco"]
[Date "2003.11.08"]
[Round "10"]
[White "Ho, Matthew"]
[Black "Evans, Bela"]
[Result "1/2-1/2"]
[WhiteElo "2176"]
[BlackElo "2262"]
[PlyCount "81"]
[EventDate "2003.10.25"]
[EventType "tourn"]
[EventRounds "11"]
[EventCountry "USA"]
[EventCategory "3"]
[SourceTitle "EXT 2004"]
[Source "ChessBase"]
[SourceDate "2003.11.25"]
[SourceVersion "1"]
[SourceVersionDate "2003.11.25"]
[SourceQuality "1"]

1. e4 e6 2. Nc3 d5 3. Nf3 Nf6 4. e5 Nfd7 5. d4 c5 6. dxc5 Nc6 7. Bf4 Bxc5 8. Bd3 f6 9. exf6 Nxf6 10. 0-0 0-0 11. Ne5 Qe7 12. Qe2 Bd7 13. Rae1 Rae8 14. a3 a6 15. Kh1 Nxe5 16. Bxe5 Bc6 17. f4 g6 18. b4 Bd6 19. b5 axb5 20. Bxd6 Qxd6 21. Nxb5 Bxb5 22. Bxb5 Re7 23. a4 Ne4 24. g3 Nc3 25. Qd2 Qc5 26. Qd3 Rc8 27. Rc1 Rec7 28. Rce1 Nxb5 29. axb5 Qxc2 30. Qd4 Qf5 31. Re5 Qh3 32. Ree1 Rc2 33. Rf2 Qf5 34. Rxc2 Qxc2 35. Qb6 Re8 36. Rxe6 Qd1+ 37. Kg2 Qc2+ 38. Kg1 Qd1+ 39. Kg2 Qc2+ 40. Kh1 Qb1+ 41. Kg2 1/2-1/2

[Event "San Francisco FIDE Summer-A"]
[Site "San Francisco"]
[Date "2001.06.22"]
[Round "2"]
[White "Evans, Bela"]
[Black "Pruess, David"]
[Result "0-1"]
[WhiteElo "2322"]
[BlackElo "2280"]
[PlyCount "68"]
[EventDate "2001.06.17"]
[EventType "tourn"]
[EventRounds "6"]
[EventCountry "USA"]
[EventCategory "2"]
[SourceTitle "EXT 2007"]
[Source "ChessBase"]
[SourceDate "2006.11.23"]
[SourceVersion "1"]
[SourceVersionDate "2006.11.23"]
[SourceQuality "1"]

1. Nf3 d5 2. g3 Nf6 3. Bg2 c6 4. 0-0 Bf5 5. d3 Qc8 6. Nbd2 Bh3 7. e4 Bxg2 8. Kxg2 e6 9. Qe2 Be7 10. e5 Nfd7 11. Re1 0-0 12. Nf1 h6 13. h4 Re8 14. N1h2 Nf8 15. Ng4 Nbd7 16. Bf4 b5 17. h5 a5 18. Qd2 Nh7 19. Rh1 a4 20. Rh2 Ra7 21. Rah1 Qd8 22. Bxh6 gxh6 23. Nxh6+ Kf8 24. Qf4 f5 25. exf6 Bxf6 26. Rh4 Qb8 27. Qg4 Ke7 28. Re1 Kd8 29. Rxe6 Rxe6 30. Qxe6 Bxh4 31. Nd4 Qb6 32. Nf7+ Kc7 33. Qd6+ Kc8 34. Nxc6 Rc7 0-1

[Event "San Francisco FIDE Summer-A"]
[Site "San Francisco"]
[Date "2001.06.20"]
[Round "2"]
[White "Haessler, Carl A"]
[Black "Evans, Bela"]
[Result "1-0"]
[WhiteElo "2252"]
[BlackElo "2322"]
[PlyCount "79"]
[EventDate "2001.06.17"]
[EventType "tourn"]
[EventRounds "6"]
[EventCountry "USA"]
[EventCategory "2"]
[SourceTitle "EXT 2007"]
[Source "ChessBase"]
[SourceDate "2006.11.23"]
[SourceVersion "1"]
[SourceVersionDate "2006.11.23"]
[SourceQuality "1"]

1. Nc3 c5 2. Nf3 Nc6 3. d4 cxd4 4. Nxd4 Nf6 5. Bg5 d5 6. Bxf6 gxf6 7. e4 dxe4 8. Nxc6 bxc6 9. Qxd8+ Kxd8 10. 0-0-0+ Kc7 11. Nxe4 f5 12. Ng3 Rg8 13. Rg1 f4 14. Ne4 f5 15. Bc4 Rg6 16. Nc5 e5 17. Nd3 Bd6 18. g3 f3 19. Rde1 Rg4 20. b3 e4 21. Nf4 Bxf4+ 22. gxf4 Rh4 23. Rg7+ Kb6 24. Kd2 Ba6 25. Be6 Rxh2 26. Ke3 Rf8 27. Rg5 Rf6 28. Bd7 Be2 29. Rc1 h6 30. Rxf5 Rd6 31. Be8 Re6 32. Re5 Rxe5 33. fxe5 Kc5 34. Bf7 a5 35. Rg1 Rg2 36. Rh1 Rg5 37. Kxe4 a4 38. Rxh6 Bd1 39. Kf4 Rg2 40. Rd6 1-0

[Event "San Francisco FIDE Summer-A"]
[Site "San Francisco"]
[Date "2001.06.17"]
[Round "1"]
[White "Evans, Bela"]
[Black "Haessler, Carl A"]
[Result "0-1"]
[WhiteElo "2322"]
[BlackElo "2252"]
[PlyCount "104"]
[EventDate "2001.06.17"]
[EventType "tourn"]
[EventRounds "6"]
[EventCountry "USA"]
[EventCategory "2"]
[SourceTitle "EXT 2007"]
[Source "ChessBase"]
[SourceDate "2006.11.23"]
[SourceVersion "1"]
[SourceVersionDate "2006.11.23"]
[SourceQuality "1"]

1. Nf3 c5 2. e4 e6 3. c3 Nc6 4. d4 d5 5. exd5 exd5 6. Bb5 Bd6 7. 0-0 Nge7 8. dxc5 Bxc5 9. Nbd2 0-0 10. Nb3 Bb6 11. Bf4 Ng6 12. Qd2 Bg4 13. Nbd4 Qf6 14. Bg5 Qd6 15. h3 Bd7 16. Bd3 Nxd4 17. cxd4 Bc7 18. Rac1 h6 19. Bxg6 hxg5 20. Bh7+ Kh8 21. Qc2 Rac8 22. Bf5 f6 23. Bxd7 Qxd7 24. Qb3 Bf4 25. Rxc8 Rxc8 26. Re1 Rc4 27. Qa3 b6 28. b3 Rc8 29. g4 Bd6 30. Qb2 Kg8 31. Qb1 Bb4 32. Re3 Rc3 33. Rxc3 Bxc3 34. Qd3 Bb4 35. Kg2 Kf7 36. Qa6 Ke7 37. a3 Bd6 38. Ng1 Kf7 39. b4 f5 40. Qe2 a5 41. Qf3 axb4 42. gxf5 bxa3 43. Qxd5+ Ke8 44. Nf3 Be7 45. Qa8+ Qd8 46. Qc6+ Kf8 47. Ne5 Bf6 48. Ng6+ Kg8 49. Qe6+ Kh7 50. Qe2 Qd5+ 51. Kh2 Qxf5 52. Nf8+ Kh6 0-1